000 00443nam a2200157 i 4500
001 111014
003 ES-MaACL
005 20230906185225.0
007 t|
008 061121s1960 sp r ||||1| spa d
100 1 _aNadal Puig, N.
_984808
245 1 0 _aMemorias de un personaje desconocido /
_cpor N. Nadal Puig.
260 _a[S..l. :
_bs.n.,
_c1960?] (
_fLa Bisbal)
300 _a23 p. ;
_c22 cm.
852 _aES-MaACL
_j2048-F-21
_bR.60415
999 _c111014
_d111014